Dutch by Design (Record no. 905)

MARC details
000 -CABECERA
campo de control de longitud fija 01008nam a2200241 a 4500
001 - NÚMERO DE CONTROL
campo de control BRCA_1025
005 - FECHA Y HORA DE LA ÚLTIMA TRANSACCIÓN
campo de control 20190320203240.0
008 - DATOS DE LONGITUD FIJA--INFORMACIÓN GENERAL
campo de control de longitud fija 900301s1990 nyua---##b---#000-0#eng-#
020 ## - NÚMERO INTERNACIONAL ESTÁNDAR DEL LIBRO
Número Internacional Estándar del Libro 0876637764
040 ## - FUENTE DE LA CATALOGACIÓN
Centro catalogador/agencia de origen DLC
Centro/agencia transcriptor DLC
Centro/agencia modificador DLC
050 #4 - SIGNATURA TOPOGRÁFICA DE LA BIBLIOTECA DEL CONGRESO
Número de clasificación F129.B7
Número de documento/Ítem .S77 1990
100 1# - ENTRADA PRINCIPAL--NOMBRE DE PERSONA
Nombre de persona Stayton, Kevin
9 (RLIN) 3371
245 10 - MENCIÓN DE TÍTULO
Título Dutch by Design
Resto del título Tradition and Change in Two Historic Brooklyn Houses : The Schenck Houses at The Brooklyn Museum
Mención de responsabilidad, etc. Kevin L. Stayton.
260 ## - PUBLICACIÓN, DISTRIBUCIÓN, ETC.
Lugar de publicación, distribución, etc. Nueva York
Nombre del editor, distribuidor, etc. The Brooklyn Museum : Phaidon Universe
Fecha de publicación, distribución, etc. 1990
300 ## - DESCRIPCIÓN FÍSICA
Extensión 128 p.
Otras características físicas il. (algunas a color)
Dimensiones 28 cm.
500 ## - NOTA GENERAL
Nota general Incluye apéndice
504 ## - NOTA DE BIBLIOGRAFÍA, ETC.
Nota de bibliografía, etc. Bibliografía : p. 121-127
650 14 - PUNTO DE ACCESO ADICIONAL DE MATERIA--TÉRMINO DE MATERIA
Término de materia o nombre geográfico como elemento de entrada Periodo colonial
Subdivisión general Historia
Subdivisión cronológica 1600-1775
9 (RLIN) 3372
650 14 - PUNTO DE ACCESO ADICIONAL DE MATERIA--TÉRMINO DE MATERIA
Término de materia o nombre geográfico como elemento de entrada Holandeses américanos
Subdivisión general Historia
Subdivisión cronológica Siglos XVII y XVIII
Subdivisión geográfica Nueva York (Estados Unidos)
9 (RLIN) 3373
650 14 - PUNTO DE ACCESO ADICIONAL DE MATERIA--TÉRMINO DE MATERIA
Término de materia o nombre geográfico como elemento de entrada Holandeses américanos
Subdivisión general Vida social y costumbres
Subdivisión geográfica Nueva York (Estados Unidos)
9 (RLIN) 3374
650 14 - PUNTO DE ACCESO ADICIONAL DE MATERIA--TÉRMINO DE MATERIA
Término de materia o nombre geográfico como elemento de entrada Holandeses américanos
Subdivisión general Diseño
Subdivisión geográfica Nueva York (Estados Unidos)
9 (RLIN) 3375
942 ## - ELEMENTOS DE PUNTO DE ACCESO ADICIONAL (KOHA)
Fuente del sistema de clasificación o colocación Library of Congress Classification
Tipo de ítem Koha Libros
Holdings
Estado de retiro Estado de pérdida Estado dañado No para préstamo Localización permanente Ubicación/localización actual Fecha de adquisición Total de préstamos Signatura topográfica completa Código de barras Fecha visto por última vez Precio válido a partir de Tipo de ítem Koha
El ejemplar forma parte de la colección y puede ser consultado según las políticas vigentes.       Biblioteca del Museo Franz Mayer (Rogerio Casas-Alatriste) Biblioteca del Museo Franz Mayer (Rogerio Casas-Alatriste) 26/06/2008   F129.B7 .S77 1990 01513 22/03/2019 22/03/2019 Libros